logo

Bir Sreshtho Munshi Abdur Rouf Library
Jhenaidah Cadet College

বাস্তু পেল বাস্তুহারা / (Record no. 2981)

MARC details
000 -LEADER
fixed length control field 00786nam a2200229 a 4500
001 - CONTROL NUMBER
JCCL Control Number 2981
003 - CONTROL NUMBER IDENTIFIER
JCCL marc code BD-JhCC
005 - DATE AND TIME OF LATEST TRANSACTION
control field 20171108203155.0
008 - FIXED-LENGTH DATA ELEMENTS--GENERAL INFORMATION
fixed length control field 171108s1956 ii |||| |||| 000 0 ben d
035 ## - SYSTEM CONTROL NUMBER
system control number (BD-JhCC)2981
040 ## - CATALOGING SOURCE
Original cataloging agency BD-JhCC
Modifying agency BD-JhCC
041 ## - LANGUAGE CODE
Language code of Book ben
082 ## - DEWEY DECIMAL CLASSIFICATION NUMBER
Classification number 891.443
Author mark and Year GUH 1956
100 ## - MAIN ENTRY--PERSONAL NAME
Personal name গুহ, বীরেশচন্দ্র
245 ## - TITLE STATEMENT
Title বাস্তু পেল বাস্তুহারা /
Statement of responsibility, etc বীরেশচন্দ্র গুহ, অমল সরকার [অনু.]
260 ## - PUBLICATION, DISTRIBUTION, ETC. (IMPRINT)
Place of publication, distribution, etc কলকাতা :
Name of publisher, distributor, etc ফার্মা কে. এল. মুখোপাধ্যায়,
Date of publication, distribution, etc 1956.
300 ## - PHYSICAL DESCRIPTION
Pagination 121 p. :
Dimensions 17 cm.
650 ## - SUBJECT ADDED ENTRY--TOPICAL TERM
Topical term or geographic name as entry element Bengali Novel
700 ## - ADDED ENTRY--PERSONAL NAME
Personal name সরকার, অমল
942 ## - ADDED ENTRY ELEMENTS (KOHA)
Source of classification or shelving scheme Dewey Decimal Classification
Koha item type Books
Holdings
Source of classification or shelving scheme Damaged status Not for loan Home library Current library Shelving location Date of accession Cost, normal purchase price Total Checkouts Full call number Barcode Date last seen Copy number Koha item type
Dewey Decimal Classification     JCC Rouf Library JCC Rouf Library General Stacks 11/08/2017 2.00   891.443 GUH 1956 4679 11/08/2017 C-1 Books

JCC Library | Contacts | JCC Home

Last Update on 23 September 2017
Copyright @ 2017-2020 JCC Rouf Library
Rouf Library, Jhenidah Cadet College (JCC), Bangladesh